Statistics for Countries whose capital is not the most populous city

Click here to take the quiz!

General Stats

  • This quiz has been taken 18 times
  • The average score is 19 of 33

Answer Stats

Most Populous CityMost Populous CapitalCountry% Correct
8,675,345711,627United States of America
100%
5,367,206431,380Australia
94%
3,278,3641,263,848Canada
94%
29,357,97821,893,095China
89%
5,702,3813,921,713South Africa
89%
1,782,912525,083New Zealand
83%
12,343,6093,378,934Brazil
78%
3,632,028677,832Morocco
78%
11,927,3581,280,176Pakistan
78%
15,765,4186,090,255Turkey
78%
8,535,7342,862,738Vietnam
78%
4,982,010421,718Ivory Coast
67%
16,348,1002,918,518Nigeria
67%
3,812,0022,590,768Ecuador
61%
5,892,3041,621,683Myanmar
61%
6,027,927430,956Tanzania
61%
1,793,241850,996Bolivia
56%
1,121,820232,178Burundi
56%
4,627,1191,262,788Sri Lanka
56%
456,419140,192Switzerland
56%
72,57623,091Belize
50%
1,931,0221,167,819Kazakhstan
50%
25,6727,028Malta
50%
6,0215,672Liechtenstein
44%
2,598,098509,324Benin
33%
2,865,9212,231,738Cameroon
33%
3,422,1092,513,113Sudan
33%
2,7211,100Nauru
28%
4,232,9812,581,835Taiwan
28%
498,627261,190Oman
22%
11,200582Palau
22%
312,280297,802Equatorial Guinea
11%
14,7828,190Federal States of Micronesia
11%

Score Distribution

Percentile by Number Answered

Percent of People with Each Score

Your Score History

You have not taken this quiz